Statistics for Random Countries of Europe in 1815

Click here to take the quiz!

General Stats

  • This quiz has been taken 76 times
  • The average score is 7 of 10

Answers on the Map

Answers color-coded by a green-red scale on the quiz's map according to % correct below.
 

Answer Stats

Answer% Correct
Andorra
100%
Austrian Empire
100%
Cracow
100%
Denmark
100%
France
100%
Great Britain and Ireland
100%
Hamburg
100%
Lucca
100%
Luxembourg
100%
Netherlands
100%
Norway
100%
Ottoman Empire
100%
Portugal
100%
Prussia
100%
Russian Empire
100%
Sardinia
100%
Spanish Empire
100%
Sweden
100%
Swiss Confederation
100%
Frankfurt
75%
Papal States
71%
Bremen
67%
Electorate of Hesse
67%
Liechtenstein
67%
Monaco
67%
Two Sicilies
67%
Baden
50%
Brunswick
50%
Nassau
50%
Oldenburg
50%
Parma
50%
Saxony
50%
Tuscany
50%
Mecklenburg
40%
Hesse
33%
Württemberg
33%
Hohenzollern
20%
Anhalt
0%
Bavaria
0%
Hanover
0%
Modena
0%
Montenegro
0%
Republic of San Marino
0%
Saxe-Weimar-Eisenach
0%

Score Distribution

Percentile by Number Answered

Percent of People with Each Score

Your Score History

You have not taken this quiz